[Event "TUR-chT 1st League"]
[Site "Konya"]
[Date "2017.07.20"]
[Round "5.8"]
[White "Kucuk, Dogan"]
[Black "Sengul, Cengiz"]
[Result "1/2-1/2"]
[WhiteElo "2048"]
[BlackElo "2108"]
[PlyCount "32"]
[EventDate "2017.07.17"]
[EventType "team-swiss"]
[EventRounds "9"]
[EventCountry "TUR"]
[SourceTitle "CBM 179 Extra"]
[Source "ChessBase"]
[SourceDate "2017.08.23"]
[SourceVersion "1"]
[SourceVersionDate "2017.08.23"]
[SourceQuality "1"]
[WhiteTeam "Denizli Metin Surmeli"]
[BlackTeam "Boranlar Mersin Toyota"]
[WhiteTeamCountry "TUR"]
[BlackTeamCountry "TUR"]

1. b3 d6 2. Bb2 e5 3. e3 Nf6 4. Nf3 Be7 5. d4 e4 6. Nfd2 d5 7. c4 c6 8. Nc3 0-0 9. f3 exf3 10. Qxf3 Bg4 11. Qf2 Na6 12. Bd3 Nb4 13. Bb1 Na6 14. Bd3 Nb4 15. Bb1 Na6 16. Bd3 Nb4 1/2-1/2

[Event "TUR-chT2"]
[Site "Konya"]
[Date "2016.07.18"]
[Round "3.8"]
[White "Sengul, Cengiz"]
[Black "Sahin, Ozgun"]
[Result "1-0"]
[WhiteElo "2105"]
[BlackElo "2042"]
[PlyCount "34"]
[EventDate "2016.07.17"]
[EventType "team-swiss"]
[EventRounds "9"]
[EventCountry "TUR"]
[SourceTitle "CBM 173 Extra"]
[Source "ChessBase"]
[SourceDate "2016.08.29"]
[SourceVersion "1"]
[SourceVersionDate "2016.08.29"]
[SourceQuality "1"]
[WhiteTeam "Mersin Ezgi"]
[BlackTeam "Aydin Egitim Merkezi"]
[WhiteTeamCountry "TUR"]
[BlackTeamCountry "TUR"]

1. d4 d5 2. Nf3 Nf6 3. c4 c6 4. Qb3 dxc4 5. Qxc4 e6 6. Nbd2 b5 7. Qc2 Bb7 8. e4 Qb6 9. a4 Bb4 10. Bd3 h6 11. 0-0 0-0 12. Nb3 a5 13. Be3 Ng4 14. Bf4 bxa4 15. Rxa4 Nf6 16. Nc5 Ba6 17. Bxa6 Nxa6 1-0

[Event "TUR-chT2"]
[Site "Konya"]
[Date "2015.07.29"]
[Round "7.7"]
[White "Sengul, Cengiz"]
[Black "Zuhre, Kayra"]
[Result "1-0"]
[WhiteElo "2142"]
[BlackElo "2015"]
[PlyCount "55"]
[EventDate "2015.07.25"]
[EventType "team-swiss"]
[EventRounds "9"]
[EventCountry "TUR"]
[SourceTitle "EXT 2017"]
[Source "ChessBase"]
[SourceDate "2016.10.25"]
[SourceVersion "1"]
[SourceVersionDate "2016.10.25"]
[SourceQuality "1"]
[WhiteTeam "Mersin Ezgi"]
[BlackTeam "Adana Dahi"]
[WhiteTeamCountry "TUR"]
[BlackTeamCountry "TUR"]

1. Nf3 b5 2. e4 a6 3. d4 Bb7 4. Bd3 Nf6 5. e5 Nd5 6. 0-0 e6 7. c3 c5 8. dxc5 Bxc5 9. Nbd2 0-0 10. Ne4 Be7 11. a4 f5 12. exf6 Nxf6 13. Qc2 Nd5 14. Ng3 Nf6 15. Ne4 Nd5 16. axb5 axb5 17. Rxa8 Bxa8 18. Bxb5 Nf4 19. Bxf4 Rxf4 20. Bd3 Qa5 21. b4 Qd5 22. Ng3 h6 23. Rd1 Qb7 24. Qe2 Nc6 25. Nh5 Rg4 26. Ba6 Nd4 27. Rxd4 Qxf3 28. Rxg4 1-0

[Event "TUR-chT2"]
[Site "Konya"]
[Date "2015.07.27"]
[Round "4.8"]
[White "Bilyap, Enis"]
[Black "Sengul, Cengiz"]
[Result "1-0"]
[WhiteElo "2017"]
[BlackElo "2142"]
[PlyCount "44"]
[EventDate "2015.07.25"]
[EventType "team-swiss"]
[EventRounds "9"]
[EventCountry "TUR"]
[SourceTitle "CBM 167 Extra"]
[Source "ChessBase"]
[SourceDate "2015.09.14"]
[SourceVersion "1"]
[SourceVersionDate "2015.09.14"]
[SourceQuality "1"]
[WhiteTeam "Izmir Karsiyaka"]
[BlackTeam "Mersin Ezgi"]
[WhiteTeamCountry "TUR"]
[BlackTeamCountry "TUR"]

1. d4 Nf6 2. Nf3 e6 3. Bg5 c5 4. e4 cxd4 5. e5 h6 6. Bh4 Qa5+ 7. Qd2 Qxd2+ 8. Nbxd2 Nd5 9. Nxd4 Nc6 10. Nxc6 bxc6 11. 0-0-0 f5 12. exf6 Nxf6 13. Bd3 Bd6 14. Bg6+ Kf8 15. Rhe1 Bf4 16. Kb1 Bxd2 17. Rxd2 d5 18. Re3 Bd7 19. Bg3 Be8 20. Bd3 Kf7 21. Bd6 Bd7 22. Rg3 Rhc8 1-0

[Event "TUR-chT"]
[Site "Kocaeli"]
[Date "2014.08.28"]
[Round "12.5"]
[White "Tanrikulu, Erhan"]
[Black "Sengul, Cengiz"]
[Result "1-0"]
[WhiteElo "2243"]
[BlackElo "2201"]
[PlyCount "53"]
[EventDate "2014.08.18"]
[EventType "team-tourn"]
[EventRounds "13"]
[EventCountry "TUR"]
[SourceTitle "CBM 162 Extra"]
[Source "ChessBase"]
[SourceDate "2014.10.17"]
[SourceVersion "1"]
[SourceVersionDate "2014.10.17"]
[SourceQuality "1"]
[WhiteTeam "Besiktas Jimnastik"]
[BlackTeam "Mersin Ezgi"]
[WhiteTeamCountry "TUR"]
[BlackTeamCountry "TUR"]

1. e4 e5 2. Nf3 Nc6 3. Bc4 Bc5 4. c3 Nf6 5. d4 exd4 6. cxd4 Bb4+ 7. Nc3 Nxe4 8. 0-0 Bxc3 9. d5 Ne5 10. Bb3 Nc5 11. bxc3 Nxb3 12. axb3 Nxf3+ 13. Qxf3 0-0 14. d6 cxd6 15. Ba3 Re8 16. Bxd6 Qb6 17. Rfe1 Re6 18. Rxe6 dxe6 19. Rd1 e5 20. Bxe5 Be6 21. Qg3 f6 22. Bxf6 Bg4 23. Rd6 Re8 24. h3 Qc7 25. hxg4 gxf6 26. g5 f5 27. Rg6+ 1-0

[Event "TUR-chT"]
[Site "Kocaeli"]
[Date "2014.08.18"]
[Round "1.4"]
[White "Yilmazyerli, Mert"]
[Black "Sengul, Cengiz"]
[Result "1-0"]
[WhiteElo "2454"]
[BlackElo "2201"]
[PlyCount "91"]
[EventDate "2014.08.18"]
[EventType "team-tourn"]
[EventRounds "13"]
[EventCountry "TUR"]
[SourceTitle "CBM 162 Extra"]
[Source "ChessBase"]
[SourceDate "2014.10.17"]
[SourceVersion "1"]
[SourceVersionDate "2014.10.17"]
[SourceQuality "1"]
[WhiteTeam "TS Alyans"]
[BlackTeam "Mersin Ezgi"]
[WhiteTeamCountry "TUR"]
[BlackTeamCountry "TUR"]

1. e4 e5 2. Nf3 Nc6 3. Bb5 a6 4. Ba4 Nf6 5. Qe2 d6 6. c3 Bd7 7. d4 Qe7 8. 0-0 g6 9. dxe5 Nxe5 10. Bxd7+ Nfxd7 11. Nxe5 Nxe5 12. Be3 Bg7 13. Bd4 f6 14. f4 Nc6 15. Bf2 d5 16. Nd2 dxe4 17. Qxe4 0-0-0 18. Rad1 Qxe4 19. Nxe4 Rxd1 20. Rxd1 Re8 21. Re1 Kb8 22. Kf1 f5 23. Ng5 Rxe1+ 24. Kxe1 h5 25. Nf3 Bf6 26. Bh4 Bxh4+ 27. Nxh4 Ne7 28. Nf3 Nc6 29. Kf2 Kc8 30. Kg3 Kd7 31. Kh4 Ne7 32. Ne5+ Ke6 33. Kg5 Nd5 34. Nxg6 Ne3 35. Nh4 c5 36. Kxh5 Kf6 37. h3 Nd5 38. Ng6 c4 39. g4 b5 40. Kh6 a5 41. g5+ Ke6 42. a3 Kd6 43. Nh4 Nxf4 44. g6 Ne6 45. Nxf5+ Ke5 46. Nd4 1-0

[Event "TUR-chT"]
[Site "Denizli"]
[Date "2013.07.07"]
[Round "10.5"]
[White "Sengul, Cengiz"]
[Black "Erturan, Yakup"]
[Result "1/2-1/2"]
[WhiteElo "2175"]
[BlackElo "2374"]
[PlyCount "89"]
[EventDate "2013.06.29"]
[EventType "team-tourn"]
[EventRounds "13"]
[EventCountry "TUR"]
[SourceTitle "CBM 155 Extra"]
[Source "ChessBase"]
[SourceDate "2013.08.26"]
[SourceVersion "1"]
[SourceVersionDate "2013.08.26"]
[SourceQuality "1"]
[WhiteTeam "Ezgi Kulubu"]
[BlackTeam "Alyans Satranc"]
[WhiteTeamCountry "TUR"]
[BlackTeamCountry "TUR"]

1. d4 Nf6 2. Nf3 g6 3. c4 Bg7 4. Nc3 d5 5. Bg5 Ne4 6. Bh4 Nxc3 7. bxc3 dxc4 8. Qa4+ Nd7 9. e3 0-0 10. Qxc4 c5 11. Rc1 cxd4 12. cxd4 Qa5+ 13. Qc3 Qxc3+ 14. Rxc3 e5 15. Bb5 exd4 16. Nxd4 a6 17. Ba4 Nb6 18. Bb3 Bd7 19. 0-0 Rfc8 20. Rfc1 Kf8 21. Bg3 Rxc3 22. Rxc3 Ke7 23. Rc7 Rc8 24. Kf1 Rxc7 25. Bxc7 Na4 26. Bd5 Bxd4 27. exd4 Bc6 28. Bb3 Nc3 29. Ba5 Nd5 30. f3 b6 31. Bd2 Kd6 32. a3 Bd7 33. Kf2 Be6 34. g4 b5 35. Ba5 Kc6 36. Bc2 f5 37. gxf5 gxf5 38. Kg3 Ne3 39. Bb1 Nc4 40. Bb4 a5 41. Bc5 Nd2 42. Bc2 Nb3 43. Bxb3 Bxb3 44. Kf4 Bd5 45. Kxf5 1/2-1/2

[Event "TUR-chT"]
[Site "Denizli"]
[Date "2013.06.30"]
[Round "2.5"]
[White "Ertan, Can"]
[Black "Sengul, Cengiz"]
[Result "0-1"]
[WhiteElo "2277"]
[BlackElo "2175"]
[PlyCount "144"]
[EventDate "2013.06.29"]
[EventType "team-tourn"]
[EventRounds "13"]
[EventCountry "TUR"]
[SourceTitle "CBM 155 Extra"]
[Source "ChessBase"]
[SourceDate "2013.08.26"]
[SourceVersion "1"]
[SourceVersionDate "2013.08.26"]
[SourceQuality "1"]
[WhiteTeam "Calli Spor"]
[BlackTeam "Ezgi Kulubu"]
[WhiteTeamCountry "TUR"]
[BlackTeamCountry "TUR"]

1. e4 e5 2. Nf3 Nc6 3. Bb5 g6 4. c3 a6 5. Ba4 d6 6. d4 Bd7 7. Bg5 f6 8. Be3 Nh6 9. h3 Nf7 10. g4 Bg7 11. Nbd2 Qe7 12. d5 Ncd8 13. Rg1 Bh6 14. Bxd7+ Qxd7 15. b4 a5 16. a3 Bf4 17. Nc4 axb4 18. axb4 Rxa1 19. Qxa1 Qb5 20. Nfd2 Bxe3 21. Nxe3 Ng5 22. Rg3 Ngf7 23. Nc2 h5 24. c4 Qd7 25. Qd1 hxg4 26. Qxg4 Qxg4 27. Rxg4 g5 28. Rg3 Nh6 29. Ne3 Ndf7 30. Rf3 Ke7 31. Kd1 Ra8 32. Kc2 Ra2+ 33. Kc3 Nh8 34. Nb1 Ng6 35. Kb3 Ra1 36. Kb2 Ra8 37. Ng2 Nf4 38. Nxf4 exf4 39. Nc3 Nf7 40. Nb5 Ne5 41. Rc3 c6 42. Nd4 Kd7 43. Nc2 c5 44. Kb3 b6 45. Kb2 Kc7 46. bxc5 bxc5 47. Kc1 Ra4 48. Na3 Kd7 49. Kc2 Rb4 50. Kc1 Kc8 51. Kd2 Rb2+ 52. Nc2 Ra2 53. Kc1 Ra4 54. Na3 Rb4 55. Kc2 Kd8 56. Kd2 Ke8 57. Rc1 Kf7 58. Ke2 Rb2+ 59. Kf1 Rxf2+ 60. Kxf2 Nd3+ 61. Kf3 Nxc1 62. Nb5 Ke7 63. h4 Nd3 64. Na3 Ne5+ 65. Kg2 g4 66. Kf2 Kf7 67. Kg2 Kg6 68. Nb5 Nxc4 69. Nc7 Nd2 70. Ne6 f3+ 71. Kf2 Nxe4+ 72. Ke3 f2 0-1

[Event "TUR-chT"]
[Site "Konya"]
[Date "2012.07.22"]
[Round "13"]
[White "Sengul, Cengiz"]
[Black "Klinova, Masha"]
[Result "1/2-1/2"]
[WhiteElo "2194"]
[BlackElo "2318"]
[PlyCount "116"]
[EventDate "2012.07.11"]
[EventType "team-tourn"]
[EventRounds "13"]
[EventCountry "TUR"]
[SourceTitle "CBM 149 Extra"]
[Source "ChessBase"]
[SourceDate "2012.08.24"]
[SourceVersion "1"]
[SourceVersionDate "2012.08.24"]
[SourceQuality "1"]
[WhiteTeam "Mersin Ezgi"]
[BlackTeam "Istanbul Teknik Uni"]
[WhiteTeamCountry "TUR"]
[BlackTeamCountry "TUR"]

1. Nf3 g6 2. c4 Bg7 3. d4 Nf6 4. Nc3 0-0 5. e4 d6 6. Be2 e5 7. d5 Nbd7 8. Bg5 a5 9. Nd2 Nc5 10. 0-0 Qe8 11. b3 Nfd7 12. Nb5 Na6 13. a3 f6 14. Be3 f5 15. f3 Nf6 16. b4 Bd7 17. Rb1 axb4 18. axb4 f4 19. Bf2 g5 20. Nc3 Qg6 21. b5 Nc5 22. Bxc5 dxc5 23. b6 c6 24. dxc6 Bxc6 25. Nd5 Rf7 26. Ra1 Rxa1 27. Qxa1 Nd7 28. Qa8+ Bf8 29. Rb1 Kg7 30. Kh1 Bd6 31. Qa5 Rf8 32. Bd1 Nb8 33. Ba4 g4 34. Bxc6 Nxc6 35. Qc3 Nd4 36. Nb3 Ra8 37. Nxd4 cxd4 38. Qb2 g3 39. h3 Rc8 40. Qb5 Qe8 41. Qxe8 Rxe8 42. Ra1 Rc8 43. Ra4 d3 44. Kg1 d2 45. Nc3 Rc6 46. Kf1 Rxb6 47. Ke2 Bc5 48. Nd1 Bb4 49. Ra8 Rc6 50. Kd3 Rd6+ 51. Ke2 Rd7 52. Ra4 Bc5 53. Ra2 Rd4 54. Rc2 Bb4 55. c5 Rd8 56. Rb2 Rd4 57. Rc2 Rd8 58. Rb2 Rd4 1/2-1/2

[Event "TUR-chT"]
[Site "Konya"]
[Date "2012.07.21"]
[Round "12"]
[White "Atalik, Ekaterina"]
[Black "Sengul, Cengiz"]
[Result "1-0"]
[WhiteElo "2448"]
[BlackElo "2194"]
[PlyCount "125"]
[EventDate "2012.07.11"]
[EventType "team-tourn"]
[EventRounds "13"]
[EventCountry "TUR"]
[SourceTitle "CBM 149 Extra"]
[Source "ChessBase"]
[SourceDate "2012.08.24"]
[SourceVersion "1"]
[SourceVersionDate "2012.08.24"]
[SourceQuality "1"]
[WhiteTeam "Istanbul Aquamatch"]
[BlackTeam "Mersin Ezgi"]
[WhiteTeamCountry "TUR"]
[BlackTeamCountry "TUR"]

1. d4 Nf6 2. c4 e6 3. Nc3 Bb4 4. Qc2 Nc6 5. e3 d6 6. Bd3 0-0 7. Nge2 e5 8. d5 Ne7 9. a3 Bxc3+ 10. Nxc3 c6 11. 0-0 h6 12. dxc6 bxc6 13. b4 d5 14. Bb2 Be6 15. Na4 Qb8 16. Nc5 e4 17. Be2 Ng4 18. g3 Bc8 19. Nxe4 dxe4 20. Qxe4 Qd6 21. Bxg4 f5 22. c5 fxe4 23. cxd6 Bxg4 24. dxe7 Rfe8 25. Rfc1 Bd7 26. Rc5 Rxe7 27. Rd1 Be8 28. Rd6 a6 29. g4 Bd7 30. h3 Rf8 31. Be5 Rf3 32. Bg3 Rf6 33. Rd4 Rfe6 34. Bh4 g5 35. Bg3 Kh7 36. Rf5 Be8 37. Ra5 Ra7 38. Rd8 Kg6 39. Kh2 Bf7 40. Be5 Re8 41. Rxe8 Bxe8 42. Bd4 c5 43. Rxc5 Re7 44. Kg3 Bb5 45. Rf5 Rf7 46. Re5 Bd3 47. a4 Rc7 48. b5 axb5 49. axb5 Rc1 50. b6 Rg1+ 51. Kh2 Rb1 52. Re7 h5 53. Re6+ Kh7 54. gxh5 Be2 55. Rxe4 Bxh5 56. Re7+ Kg6 57. Kg2 Be2 58. e4 Rb3 59. Be3 Kf6 60. Re8 Bb5 61. Rf8+ Ke7 62. Bc5+ Kd7 63. b7 1-0

[Event "TUR-chT"]
[Site "Konya"]
[Date "2012.07.16"]
[Round "7"]
[White "Bayram, Yakup"]
[Black "Sengul, Cengiz"]
[Result "1/2-1/2"]
[WhiteElo "2281"]
[BlackElo "2194"]
[PlyCount "139"]
[EventDate "2012.07.11"]
[EventType "team-tourn"]
[EventRounds "13"]
[EventCountry "TUR"]
[SourceTitle "CBM 149 Extra"]
[Source "ChessBase"]
[SourceDate "2012.08.24"]
[SourceVersion "1"]
[SourceVersionDate "2012.08.24"]
[SourceQuality "1"]
[WhiteTeam "Tarsus Zeka"]
[BlackTeam "Mersin Ezgi"]
[WhiteTeamCountry "TUR"]
[BlackTeamCountry "TUR"]

1. Nf3 Nf6 2. g3 b6 3. Bg2 Bb7 4. 0-0 c5 5. c4 g6 6. Nc3 Bg7 7. d3 d6 8. Rb1 0-0 9. Bd2 Nbd7 10. a3 Qc8 11. Qc1 Re8 12. Bh6 d5 13. Bxg7 Kxg7 14. cxd5 Nxd5 15. Ne4 N7f6 16. Ned2 Qd7 17. Nc4 Rad8 18. b3 Qc8 19. Qb2 Kg8 20. h3 Nc7 21. Nce5 Ne6 22. h4 Nd4 23. Nxd4 Bxg2 24. Kxg2 Rxd4 25. Nf3 Rd7 26. Rfc1 Qb7 27. Kg1 Ng4 28. Rc4 h5 29. Rbc1 Red8 30. Ne5 Nxe5 31. Qxe5 Qd5 32. Qb2 Qe6 33. b4 cxb4 34. Rxb4 Rd5 35. Rbc4 Qe5 36. Qd2 Kg7 37. Rc7 R5d7 38. R7c2 Qd6 39. Qc3+ Qf6 40. Qb3 Rd5 41. Rc6 Qe5 42. Kf1 Rb5 43. Qc3 Qxc3 44. R1xc3 Rd7 45. R3c4 Rbd5 46. Ke1 e6 47. Kd2 Kf6 48. a4 Ke7 49. Kc3 R5d6 50. Rc8 Rd8 51. R8c7+ R8d7 52. Kb4 Rd5 53. Rc8 Re5 54. Rc2 Rd4+ 55. Kb3 Ra5 56. R8c7+ Rd7 57. e4 Kd8 58. Rc8+ Ke7 59. R2c7 b5 60. axb5 Rxb5+ 61. Kc3 Rb1 62. Rxd7+ Kxd7 63. Ra8 Ra1 64. Kd4 Ke7 65. f4 Kf6 66. Ke3 Ra3 67. Rd8 Ke7 68. Rb8 Ra1 69. Rb7+ Kf6 70. e5+ 1/2-1/2

[Event "TUR-chT"]
[Site "Konya"]
[Date "2012.07.16"]
[Round "6"]
[White "Sengul, Cengiz"]
[Black "Metin, Mehmet"]
[Result "1/2-1/2"]
[WhiteElo "2194"]
[BlackElo "2189"]
[PlyCount "80"]
[EventDate "2012.07.11"]
[EventType "team-tourn"]
[EventRounds "13"]
[EventCountry "TUR"]
[SourceTitle "CBM 149 Extra"]
[Source "ChessBase"]
[SourceDate "2012.08.24"]
[SourceVersion "1"]
[SourceVersionDate "2012.08.24"]
[SourceQuality "1"]
[WhiteTeam "Mersin Ezgi"]
[BlackTeam "Denizli Er Bakir"]
[WhiteTeamCountry "TUR"]
[BlackTeamCountry "TUR"]

1. Nf3 c5 2. c4 Nc6 3. Nc3 g6 4. g3 Bg7 5. Bg2 Nh6 6. 0-0 0-0 7. Rb1 Nf5 8. a3 Rb8 9. b4 d6 10. Ne4 b6 11. d3 Bb7 12. Bf4 e5 13. Bg5 f6 14. Bd2 Nfd4 15. Nc3 Ne7 16. e3 Nxf3+ 17. Bxf3 Qd7 18. Bxb7 Rxb7 19. Qf3 Qc6 20. Qxc6 Nxc6 21. Nd5 Ne7 22. Nxe7+ Rxe7 23. e4 f5 24. f3 Ref7 25. Kg2 h5 26. b5 Ra8 27. Rb3 Bf6 28. h3 h4 29. g4 f4 30. Kf2 a5 31. bxa6 Rxa6 32. Rfb1 Bd8 33. Ke2 Rfa7 34. Bc1 g5 35. Kd1 Kf7 36. Kc2 Ke6 37. Rb5 Kd7 38. Ra1 Kc6 39. Kb3 Ra4 40. Bb2 Be7 1/2-1/2

[Event "TUR-chT"]
[Site "Konya"]
[Date "2012.07.13"]
[Round "3"]
[White "Atakisi, Umut"]
[Black "Sengul, Cengiz"]
[Result "1-0"]
[WhiteElo "2338"]
[BlackElo "2194"]
[PlyCount "67"]
[EventDate "2012.07.11"]
[EventType "team-tourn"]
[EventRounds "13"]
[EventCountry "TUR"]
[SourceTitle "CBM 149 Extra"]
[Source "ChessBase"]
[SourceDate "2012.08.24"]
[SourceVersion "1"]
[SourceVersionDate "2012.08.24"]
[SourceQuality "1"]
[WhiteTeam "Besiktas Jimnastik"]
[BlackTeam "Mersin Ezgi"]
[WhiteTeamCountry "TUR"]
[BlackTeamCountry "TUR"]

1. e4 e5 2. Nf3 Nc6 3. Bb5 a6 4. Ba4 Nf6 5. 0-0 Be7 6. Re1 b5 7. Bb3 d6 8. c3 0-0 9. d4 Bg4 10. Be3 exd4 11. cxd4 d5 12. e5 Ne4 13. Nc3 Bb4 14. Qc1 Bxc3 15. bxc3 Na5 16. Bc2 Nc4 17. Bg5 Qd7 18. Bxe4 dxe4 19. Rxe4 Bxf3 20. gxf3 a5 21. Bf6 gxf6 22. Rg4+ Qxg4+ 23. fxg4 fxe5 24. Qg5+ Kh8 25. Qf6+ Kg8 26. dxe5 Rfe8 27. f4 Re6 28. Qh4 c6 29. Rd1 Ne3 30. Rd3 Nd5 31. Rh3 Nxf4 32. Qxh7+ Kf8 33. Rf3 Ne2+ 34. Kf2 1-0

[Event "TUR-ch"]
[Site "Kemer"]
[Date "2012.02.03"]
[Round "8"]
[White "Atakisi, Umut"]
[Black "Sengul, Cengiz"]
[Result "1/2-1/2"]
[WhiteElo "2345"]
[BlackElo "2168"]
[PlyCount "39"]
[EventDate "2012.01.29"]
[EventType "swiss"]
[EventRounds "10"]
[EventCountry "TUR"]
[SourceTitle "CBM 146 Extra"]
[Source "ChessBase"]
[SourceDate "2012.02.29"]
[SourceVersion "1"]
[SourceVersionDate "2012.02.29"]
[SourceQuality "1"]

1. c4 Nf6 2. Nc3 d6 3. g3 g6 4. Bg2 Bg7 5. e4 0-0 6. Nge2 c5 7. d3 Nc6 8. 0-0 Rb8 9. h3 Ne8 10. Be3 Nc7 11. d4 cxd4 12. Nxd4 Ne6 13. Nde2 Nc5 14. Rb1 Be6 15. b3 a6 16. a4 Nb4 17. Qd2 Bd7 18. Nd5 Nxd5 19. cxd5 b5 20. Nd4 1/2-1/2

[Event "TUR-ch"]
[Site "Kemer"]
[Date "2012.02.02"]
[Round "7"]
[White "Sengul, Cengiz"]
[Black "Karagollu, Ahmet"]
[Result "1/2-1/2"]
[WhiteElo "2168"]
[BlackElo "2004"]
[PlyCount "49"]
[EventDate "2012.01.29"]
[EventType "swiss"]
[EventRounds "10"]
[EventCountry "TUR"]
[SourceTitle "CBM 146 Extra"]
[Source "ChessBase"]
[SourceDate "2012.02.29"]
[SourceVersion "1"]
[SourceVersionDate "2012.02.29"]
[SourceQuality "1"]

1. d4 Nf6 2. Nf3 g6 3. c4 Bg7 4. Nc3 0-0 5. e4 d6 6. Be2 e5 7. d5 Nh5 8. Bg5 f6 9. Be3 Nf4 10. 0-0 f5 11. exf5 Bxf5 12. Bxf4 exf4 13. Qd2 Bg4 14. Nd4 Bxd4 15. Bxg4 Be5 16. Be6+ Kg7 17. Ne4 c5 18. b4 Na6 19. Rab1 cxb4 20. a3 b3 21. Rxb3 b6 22. Rh3 Nc5 23. Nxc5 bxc5 24. Rb1 Rb8 25. Rhb3 1/2-1/2

[Event "TUR-ch"]
[Site "Kemer"]
[Date "2012.02.01"]
[Round "6"]
[White "Tasan, Mehmet Askin"]
[Black "Sengul, Cengiz"]
[Result "0-1"]
[WhiteElo "1989"]
[BlackElo "2168"]
[PlyCount "64"]
[EventDate "2012.01.29"]
[EventType "swiss"]
[EventRounds "10"]
[EventCountry "TUR"]
[SourceTitle "CBM 146 Extra"]
[Source "ChessBase"]
[SourceDate "2012.02.29"]
[SourceVersion "1"]
[SourceVersionDate "2012.02.29"]
[SourceQuality "1"]

1. e4 e5 2. Nf3 Nc6 3. Bb5 a6 4. Bxc6 dxc6 5. d4 exd4 6. Qxd4 Qxd4 7. Nxd4 Bd6 8. 0-0 Ne7 9. Re1 0-0 10. Nd2 Ng6 11. Nc4 Re8 12. Bd2 c5 13. Nf3 Bf8 14. a4 b6 15. Bc3 Bb7 16. Nfd2 Rad8 17. Rad1 b5 18. axb5 axb5 19. Na5 Ba8 20. b3 Re6 21. f3 Ra6 22. Ra1 Nf4 23. Nf1 Ne6 24. Be5 f6 25. Bb2 Be7 26. g3 Nd4 27. Bxd4 cxd4 28. b4 Bxb4 29. Nb3 Rxa1 30. Rxa1 c5 31. Kg2 Bc6 32. Ra6 Be8 0-1

[Event "TUR-ch"]
[Site "Kemer"]
[Date "2012.01.31"]
[Round "4"]
[White "Citak, Selim"]
[Black "Sengul, Cengiz"]
[Result "1-0"]
[WhiteElo "2390"]
[BlackElo "2168"]
[PlyCount "127"]
[EventDate "2012.01.29"]
[EventType "swiss"]
[EventRounds "10"]
[EventCountry "TUR"]
[SourceTitle "CBM 146 Extra"]
[Source "ChessBase"]
[SourceDate "2012.02.29"]
[SourceVersion "1"]
[SourceVersionDate "2012.02.29"]
[SourceQuality "1"]

1. d4 Nf6 2. c4 e6 3. Nc3 Bb4 4. f3 Bxc3+ 5. bxc3 d5 6. Ba3 Nbd7 7. cxd5 Nxd5 8. Qd2 c5 9. e4 Qa5 10. Bb2 Ne7 11. Bd3 b6 12. Ne2 Ba6 13. 0-0 Bxd3 14. Qxd3 Rc8 15. a4 0-0 16. Qb5 Nc6 17. Ba3 a6 18. Qb2 Rfd8 19. Rfd1 cxd4 20. cxd4 Qg5 21. Bd6 Na5 22. Bf4 Qe7 23. Rac1 Nc4 24. Qb3 Qa3 25. Qxa3 Nxa3 26. Bc7 b5 27. Bxd8 Rxd8 28. axb5 axb5 29. d5 e5 30. Rd3 Nc4 31. Rb3 Rb8 32. Rb4 Kf8 33. Nc3 Na3 34. Rb3 b4 35. Na2 Nb5 36. Rxb4 Nd6 37. Rxb8+ Nxb8 38. Rc7 Ke8 39. Nb4 Nd7 40. Nc6 f5 41. exf5 Nxf5 42. Rc8+ Kf7 43. Rd8 Nb6 44. Nxe5+ Kf6 45. f4 Ke7 46. Nc6+ Kf7 47. Kf2 Nc4 48. Ne5+ Ke7 49. Rd7+ Ke8 50. Ra7 Ncd6 51. Ra8+ Ke7 52. g4 Ne4+ 53. Kf3 Nfd6 54. Rg8 g6 55. Rg7+ Kf6 56. Rxh7 Ng5+ 57. fxg5+ Kxe5 58. Rg7 Kxd5 59. Rd7 Ke6 60. Rxd6+ Kxd6 61. Ke4 Ke6 62. h4 Kd6 63. h5 Ke6 64. h6 1-0

[Event "TUR-ch"]
[Site "Kemer"]
[Date "2012.01.29"]
[Round "2"]
[White "Gozubuyukoglu, Selami"]
[Black "Sengul, Cengiz"]
[Result "0-1"]
[WhiteElo "1876"]
[BlackElo "2168"]
[PlyCount "88"]
[EventDate "2012.01.29"]
[EventType "swiss"]
[EventRounds "10"]
[EventCountry "TUR"]
[SourceTitle "CBM 146 Extra"]
[Source "ChessBase"]
[SourceDate "2012.02.29"]
[SourceVersion "1"]
[SourceVersionDate "2012.02.29"]
[SourceQuality "1"]

1. e4 e5 2. Nf3 Nc6 3. Bc4 Nf6 4. d3 Be7 5. c3 d6 6. Nbd2 0-0 7. h3 Na5 8. Bb5 a6 9. Ba4 b5 10. Bc2 c5 11. 0-0 h6 12. Re1 Re8 13. Nf1 Bf8 14. Ng3 Nc6 15. a4 b4 16. Bd2 a5 17. Bb3 Ba6 18. Bc4 Qc7 19. cxb4 Nxb4 20. Bc3 Nc6 21. Qd2 Bxc4 22. dxc4 Nd4 23. Qd3 g6 24. Nd2 h5 25. Ndf1 Bh6 26. Ra3 Kg7 27. Ne3 Reb8 28. Ne2 Bxe3 29. fxe3 Nxe2+ 30. Rxe2 Qc6 31. Be1 Nxe4 32. Rb3 Rxb3 33. Qxb3 Qc7 34. Qd3 Qc6 35. Qb3 Qc7 36. Qd3 Qb7 37. Bc3 Qc6 38. Be1 Rb8 39. b3 Ra8 40. Rb2 f5 41. g4 hxg4 42. hxg4 Rh8 43. Rg2 Ng5 44. e4 Nh3+ 0-1

[Event "TUR-ch"]
[Site "Kemer"]
[Date "2012.01.29"]
[Round "1"]
[White "Sengul, Cengiz"]
[Black "Celik, Yucel"]
[Result "1-0"]
[WhiteElo "2168"]
[BlackElo "1642"]
[PlyCount "59"]
[EventDate "2012.01.29"]
[EventType "swiss"]
[EventRounds "10"]
[EventCountry "TUR"]
[SourceTitle "CBM 146 Extra"]
[Source "ChessBase"]
[SourceDate "2012.02.29"]
[SourceVersion "1"]
[SourceVersionDate "2012.02.29"]
[SourceQuality "1"]

1. Nf3 Nf6 2. c4 c5 3. Nc3 b6 4. g3 Bb7 5. Bg2 e6 6. d4 cxd4 7. Qxd4 Bc5 8. Qf4 a6 9. 0-0 0-0 10. Na4 d6 11. Nxc5 dxc5 12. b3 Nbd7 13. Bb2 Rc8 14. Rad1 Qc7 15. Qc1 Rfe8 16. Qa1 Bxf3 17. Bxf3 e5 18. e3 e4 19. Bg2 Ne5 20. Rd2 Qe7 21. Bxe5 Qxe5 22. Qxe5 Rxe5 23. Rd6 Rb8 24. Rfd1 h6 25. Rc6 a5 26. Rdd6 b5 27. cxb5 Rxb5 28. Rd8+ Re8 29. Rxe8+ Nxe8 30. Rc8 1-0

[Event "Izmir op 10th"]
[Site "Izmir"]
[Date "2011.09.07"]
[Round "8"]
[White "Okus, Melih"]
[Black "Sengul, Cengiz"]
[Result "0-1"]
[WhiteElo "1980"]
[BlackElo "2165"]
[PlyCount "114"]
[EventDate "2011.09.01"]
[EventType "swiss"]
[EventRounds "9"]
[EventCountry "TUR"]
[SourceTitle "CBM 144 Extra"]
[Source "ChessBase"]
[SourceDate "2011.10.28"]
[SourceVersion "1"]
[SourceVersionDate "2011.10.28"]
[SourceQuality "1"]

1. e4 e5 2. Nf3 Nc6 3. d4 exd4 4. Nxd4 Bc5 5. Be3 Qf6 6. c3 Nge7 7. Nc2 Bxe3 8. Nxe3 d6 9. g3 0-0 10. Bg2 Qh6 11. 0-0 Bh3 12. Ng4 Bxg4 13. Qxg4 Rad8 14. f4 f5 15. exf5 Nxf5 16. Re1 d5 17. Nd2 d4 18. Nc4 Qf6 19. Ne5 Ne3 20. Qe2 Nxg2 21. Qxg2 Nxe5 22. Rxe5 dxc3 23. bxc3 Qb6+ 24. Kh1 Rd3 25. Rae1 h6 26. Re8 Rxe8 27. Rxe8+ Kf7 28. Re1 Qb5 29. c4 Qxc4 30. Qxb7 Qd5+ 31. Qxd5+ Rxd5 32. Rc1 c5 33. Rc2 Ke6 34. Kg2 Kd6 35. Kf3 Rd3+ 36. Ke4 Rd4+ 37. Kf5 Kc6 38. Ke6 Rd6+ 39. Ke5 Rd7 40. Ke6 Rd4 41. Ke5 Rd1 42. Ke4 Re1+ 43. Kd3 Kd5 44. Kd2 Re4 45. Kd3 Ra4 46. Ke3 Ra3+ 47. Ke2 c4 48. Rd2+ Ke4 49. Rb2 Kd4 50. Rd2+ Ke4 51. Rb2 g5 52. fxg5 hxg5 53. Rc2 Kd4 54. Kd2 g4 55. Ke2 Re3+ 56. Kd2 c3+ 57. Kd1 Kd3 0-1